| 000 | 01142cam a2200277 i 4500 | ||
|---|---|---|---|
| 003 | SA-RiAUC | ||
| 005 | 20241210053306.0 | ||
| 008 | 241209s2003 su g 00000 ara c | ||
| 020 | _a9960102777 | ||
| 040 |
_aSA-JeALM _bara _cSA-RiAUC _erda |
||
| 082 | 0 | 4 | _a258.4 |
| 090 |
_a258.4 _bم ي م |
||
| 100 | 1 |
_aالميمان، ناصر بن عبد الله بن عبد العزيز، _d1385 هجري- _eمؤلف. |
|
| 245 | 1 | 2 |
_aالكليات الفقهية في المذهب الحنبلي / _cناصر بن عبد الله الميمان. |
| 250 | _aالطبعة الأولى. | ||
| 264 | 1 |
_aمكة المكرمة : _bناصر بن عبد الله الميمان، _c2003 |
|
| 300 |
_a131 صفحة ؛ _c24 سم |
||
| 336 |
_aنص _btxt _2rdacontent _3كتاب |
||
| 337 |
_aبدون وسيط _bn _2rdamedia |
||
| 338 |
_aمجلد _bnc _2rdacarrier |
||
| 500 | _aحطاب اهداء من المؤلف ناصر الميمان بتاريخ 11 / 1 / 1425 هـ | ||
| 650 | 7 |
_aالفقه الحنبلي _2aucsh |
|
| 650 | 7 |
_aالفقه الإسلامي _xمذاهب _2aucsh |
|
| 942 |
_2ddc _cBOOK _n0 |
||
| 949 |
_aSA-JeALM _d241209 _uosman123 _n1 |
||
| 999 |
_c3217 _d3217 |
||